Systémy manažérstva kvality ako predmet podnikateľského rozhodovania

Systémy manažérstva kvality ako základ pre rozvoj komerčného trhu. Rôzne systémy manažérstva kvality a ich vplyv na budovanie systému manažérstva kvality. Neustále zlepšovanie ako súčasť manažérstva kvality.

Guardado en:
Detalles Bibliográficos
Autor principal: Krnáčová, Paulína, 1983-
Otros Autores: Strhan, Rastislav, 1968-
Formato: Capítulo de libro
Lenguaje:eslovaco
Materias:
Etiquetas: Agregar Etiqueta
Sin Etiquetas, Sea el primero en etiquetar este registro!

MARC

LEADER 00000nla$a2200000$$$4500
001 0120714
005 20240502072350.5
041 0 |a slo 
044 |a SK 
245 1 0 |a Systémy manažérstva kvality ako predmet podnikateľského rozhodovania  |c Paulína Krnáčová, Rastislav Strhan 
520 |a Systémy manažérstva kvality ako základ pre rozvoj komerčného trhu. Rôzne systémy manažérstva kvality a ich vplyv na budovanie systému manažérstva kvality. Neustále zlepšovanie ako súčasť manažérstva kvality. 
610 2 0 |a systém riadenia kvality 
610 2 0 |a normy 
610 2 0 |a normy ISO 
610 2 0 |a TQM 
610 2 0 |a model EFQM 
100 1 |a Krnáčová, Paulína, 1983- 
700 1 |a Strhan, Rastislav, 1968-